LEADER 02767nam 2200613 a 450 001 9910463938503321 005 20200520144314.0 010 $a1-283-14451-4 010 $a9786613144515 010 $a981-4304-84-0 035 $a(CKB)3360000000001377 035 $a(EBL)731243 035 $a(OCoLC)740444834 035 $a(SSID)ssj0000520878 035 $a(PQKBManifestationID)12231057 035 $a(PQKBTitleCode)TC0000520878 035 $a(PQKBWorkID)10517392 035 $a(PQKB)10609037 035 $a(MiAaPQ)EBC731243 035 $a(WSP)00001160 035 $a(Au-PeEL)EBL731243 035 $a(CaPaEBR)ebr10480211 035 $a(CaONFJC)MIL314451 035 $a(EXLCZ)993360000000001377 100 $a20110125d2011 uy 0 101 0 $aeng 135 $aur|n|---||||| 181 $ctxt 182 $cc 183 $acr 200 10$aAnalysis of singularities for partial differential equations$b[electronic resource] /$fShuxing Chen 210 $aSingapore ;$aHackensack, N.J. $cWorld Scientific$dc2011 215 $a1 online resource (300 p.) 225 1 $aSeries in applied and computational mathematics ;$vv. 1 300 $aDescription based upon print version of record. 311 $a981-4304-83-2 320 $aIncludes bibliographical references (p. 191-198). 327 $aContents; Preface; 1. Introduction to problems on singularity analysis; 2. Singularity analysis for linear equations; 3. Singularity analysis for semilinear equations; 4. Propagation of singularities for fully nonlinear equations; 5. Propagation of strong singularities for nonlinear equations; 6. Formation of shocks for quasilinear hyperbolic equations; Appendix A Brief review on paradi erential operators; Bibliography 330 $aThe book provides a comprehensive overview on the theory on analysis of singularities for partial differential equations (PDEs). It contains a summarization of the formation, development and main results on this topic. Some of the author's discoveries and original contributions are also included, such as the propagation of singularities of solutions to nonlinear equations, singularity index and formation of shocks. 410 0$aSeries in applied and computational mathematics ;$vv. 1. 606 $aSingularities (Mathematics) 606 $aDifferential equations, Partial 608 $aElectronic books. 615 0$aSingularities (Mathematics) 615 0$aDifferential equations, Partial. 676 $a515.353 700 $aChen$b Shuxing$0736943 801 0$bMiAaPQ 801 1$bMiAaPQ 801 2$bMiAaPQ 906 $aBOOK 912 $a9910463938503321 996 $aAnalysis of singularities for partial differential equations$92015887 997 $aUNINA LEADER 01210nam0-22003251i-450 001 990004111410403321 005 20250225112624.0 035 $a000411141 035 $aFED01000411141 035 $a(Aleph)000411141FED01 035 $a000411141 100 $a19990530d1969----km-y0itay50------ba 101 0 $aita$alat 105 $ay-------00-y- 200 1 $aScritti di logica$cIntroductiones dialecticae$eEditio super Porphyrium, Glossae in categorias, Editio super Aristotelem de interpretatione. De divisionibus$cLogica ingredientibus$eSuper topica glossae$fPietro Abelardo$gediti da Mario Dal Pra 210 $aFirenze$cLa Nuova Italia$dc1969 215 $aXL, 334 p.$d24 cm 225 1 $aPubblicazioni$fdella Facoltà di Lettere e Filosofia dell'Università di Milano$v34 610 0 $aAbelardo, Pietro$aLogica 610 0 $aAbelardo, Pietro$aFilosofia del linguaggio 676 $a160 700 1$aAbaelardus Petrus$f<1079-1142>$0156884 702 1$aDal Prà,$bMario$f<1914-1992> 801 0$aIT$bUNINA$gRICA$2UNIMARC 901 $aBK 912 $a990004111410403321 952 $a189.2 ABEP 01$bIST.FIL.T.2338$fFLFBC 959 $aFLFBC 996 $aScritti di logica$9478101 997 $aUNINA